Vai trò của liên minh chiến đấu Việt Nam - Campuchia trong công cuộc đấu tranh giành độc lập ở Campuchia /
Salvato in:
| Autore principale: | |
|---|---|
| Natura: | Articolo |
| Lingua: | Vietnamese |
| Soggetti: | |
| Tags: |
Aggiungi Tag
Nessun Tag, puoi essere il primo ad aggiungerne! !
|
| Thư viện lưu trữ: | Thư viện Trường Đại học Đà Lạt |
|---|
| LEADER | 00846nam a2200277 4500 | ||
|---|---|---|---|
| 001 | DLU180185597 | ||
| 005 | ##20180613 | ||
| 040 | # | # | |a DLU |b vie |
| 041 | # | # | |a vie |
| 044 | # | # | |a vn |
| 100 | # | # | |a Nguyễn Thành Văn. |
| 245 | # | # | |a Vai trò của liên minh chiến đấu Việt Nam - Campuchia trong công cuộc đấu tranh giành độc lập ở Campuchia / |c Nguyễn Thành Văn. |
| 653 | # | # | |a Độc lập |
| 653 | # | # | |a Campuchia |
| 653 | # | # | |a Liên minh |
| 653 | # | # | |a Việt Nam |
| 773 | # | # | |t Nghiên cứu Đông Nam Á |g Số 6, 2016, tr. 21-27 |
| 920 | # | # | |a Phòng Tạp chí -- Trung tâm Thông tin - Thư viện Trường Đại học Đà Lạt |
| 994 | # | # | |a DLU |
| 900 | # | # | |a True |
| 911 | # | # | |a Hoàng Thị Huyền |
| 925 | # | # | |a G |
| 926 | # | # | |a A |
| 927 | # | # | |a BB |
| 980 | # | # | |a Thư viện Trường Đại học Đà Lạt |